Superheroes: Flying or Not? - Statistics

General Stats
  • This quiz has been taken 185 times
  • The average score is 20 of 24
Answer Stats
Hint Answer % Correct
Superman Flying
97%
The Hulk Grounded
96%
Wolverine Grounded
95%
Daredevil Grounded
95%
Elastigirl Grounded
93%
Gamora Grounded
93%
Storm Flying
92%
Cyclops Grounded
92%
Phoenix Flying
91%
Captain America Grounded
91%
Human Torch Flying
90%
Captain Marvel Flying
88%
Quicksilver Grounded
88%
Hawkeye Grounded
88%
Green Lantern Flying
87%
Raven Flying
87%
Batman Grounded
87%
Black Widow Grounded
87%
Spider-Man Grounded
85%
Scarlet Witch Flying
82%
Invincible Flying
82%
Homelander Flying
79%
Ms. Marvel Flying
56%
Hellboy Flying
11%
No matching quizzes found
Score Distribution
Percent of People with Each Score
Percentile by Number Answered
Your Score History
You have not taken this quiz